Administración de personal (Registro nro. 14604)
[ vista simple ]
| 000 -CABECERA | |
|---|---|
| Longitud fija campo de control | 00800nam a22002417a 4500 |
| 003 - IDENTIFICADOR DELl NÚMERO DE CONTROL | |
| Identificador del número de control | OSt |
| 005 - FECHA Y HORA DE LA ÚLTIMA TRANSACCIÓN | |
| Fecha y hora de la última transacción | 20141023173251.0 |
| 008 - CÓDIGOS DE INFORMACIÓN DE LONGITUD FIJA | |
| Códigos de información de longitud fija | 141013b xxu||||| |||| 00| 0 eng d |
| 020 ## - NÚMERO INTERNACIONAL NORMALIZADO PARA LIBROS | |
| Número Internacional Normalizado para Libros (ISBN) | 968-880-585-8 |
| 040 ## - FUENTE DE LA CATALOGACIÓN | |
| Centro transcriptor | BMC |
| 082 ## - NÚMERO DE LA CLASIFICACIÓN DECIMAL DEWEY | |
| Númeroo de clasificación | 658.3 |
| 100 1# - PUNTO DE ACCESO PRINCIPAL-NOMBRE DE PERSONA | |
| Nombre de persona | Dessler, Gary |
| 9 (RLIN) | 11266 |
| 245 10 - MENCIÓN DE TÍTULO | |
| Título | Administración de personal |
| Mención de responsabilidad, etc. | Gary Dessler ; traducción, Esther Fernández Alvarado ; revisión técnica, J. Othón Juárez Hernández |
| 250 ## - MENCIÓN DE EDICIÓN | |
| Mención de edición | 6ª ed |
| 260 ## - PUBLICACIÓN, DISTRIBUCIÓN, ETC. (PIE DE IMPRENTA) | |
| Lugar de publicación, distribución, etc. | México [etc.] |
| Nombre del editor, distribuidor, etc. | Prentice-Hall |
| Fecha de publicación, distribución, etc. | cop. 1996 |
| 300 ## - DESCRIPCIÓN FÍSICA | |
| Extensión | XXVIII, 715 p. |
| Dimensiones | 27 cm. |
| 500 ## - NOTA GENERAL | |
| Nota general | Índice: p. 699-701 |
| 595 ## - NOTA DE EDICIÓN E HISTORIA BIBLIOGRÁFICA | |
| Nota de edición e historia bibliográfica | Traducción de: Human Resource Management |
| 650 24 - PUNTO DE ACCESO ADICIONAL DE MATERIA - TÉRMINO DE MATERIA | |
| Término de materia o nombre geográfico como elemento inicial | Gestión de recursos humanos |
| 9 (RLIN) | 5702 |
| 700 1# - PUNTO DE ACCESO ADICIONAL - NOMBRE DE PERSONA | |
| Nombre de persona | Fernández Alvarado, Esther |
| 9 (RLIN) | 7763 |
| 700 1# - PUNTO DE ACCESO ADICIONAL - NOMBRE DE PERSONA | |
| Nombre de persona | Juárez Hernández, Othón |
| 9 (RLIN) | 8409 |
| 942 ## - ENTRADA DE ELEMENTOS AGREGADOS (KOHA) | |
| Fuente de clasificaión o esquema | Dewey Decimal Classification |
| Koha [por defecto] tipo de item | 1- Monografias |
| Suprimido | Perdido | Fuente de clasificación o esquema | Estropeado | Restricciones de uso | No para préstamo | Código de colección | Localización permanente | Localización actual | Localización en estanter&íacute;as | Fecha adquisición | Fuente de adquisición | Número de inventario | Préstamos totales | Signatura completa | Código de barras | Fecha última consulta | Fecha último préstamo | Fecha del precio de reemplazo | Tipo de item de Koha |
|---|---|---|---|---|---|---|---|---|---|---|---|---|---|---|---|---|---|---|---|
| NULL | NULL | Dewey Decimal Classification | NULL | Prestable | NULL | NULL | Biblioteca Miguel de Cervantes - UNICAES | Biblioteca Miguel de Cervantes - UNICAES | Sala Principal | 09/02/2007 | Donación - Facultad de Ciencias y Humanidades | 023102 | 1 | 658.3 DES adm | 1023560 | 09/11/2015 | 06/11/2015 | 15/10/2014 | 1- Monografias |
| NULL | NULL | Dewey Decimal Classification | NULL | Prestable | NULL | NULL | Biblioteca Miguel de Cervantes - UNICAES | Biblioteca Miguel de Cervantes - UNICAES | Sala Principal | 25/01/2003 | Donación - COREI | 023103 | 1 | 658.3 DES adm | 1023561 | 21/07/2017 | 21/07/2017 | 15/10/2014 | 1- Monografias |